| 000 | 00804nam0a22002411 4500 | ||
|---|---|---|---|
| 001 | rc\2785963 | ||
| 005 | 20230529213036.0 | ||
| 035 | _a(NLR Aleph) 006912156 | ||
| 090 |
_a7358595 _c7358595 |
||
| 100 | _a20110915d1935 |||y0rusy50 ca | ||
| 101 | 0 | _arus | |
| 102 | _aRU | ||
| 105 | _aa z ||||| | ||
| 200 | 1 |
_aАвтогенная сварка в исправлении чугунолитейного брака _fИ. Г. Болденко |
|
| 210 |
_aЛенинград _aМосква _cОнти _d1935 _eЛенинград _gТип. им. Евг. Соколовой |
||
| 215 |
_aОбл., 69, [2] с. _cил. _d22х15 см. |
||
| 700 | 1 |
_aБолденко _bИ. Г. |
|
| 801 | 0 |
_aRU _bNLR _gpsbo |
|
| 801 | 1 |
_aRU _bELAR _2rusmarc |
|
| 852 |
_aNLR _j35-11/1517 |
||
| 942 | _cBOOK | ||
| 980 | _aNB | ||